| 000 | 01331cam a22003733i 4500 | ||
|---|---|---|---|
| 999 |
_c979 _d979 |
||
| 001 | 18587809 | ||
| 003 | OSt | ||
| 005 | 20200218101210.0 | ||
| 007 | ta | ||
| 008 | 150423s2008 nyub 000 1 eng d | ||
| 010 | _a 2014472041 | ||
| 020 | _a9780316033671 (pbk.) | ||
| 035 | _a(OCoLC)ocn262687134 | ||
| 040 |
_aNjBwBT _beng _cJFN _erda _dJFN _dUPZ _dOCLCQ _dHHO _dCDX _dOCLCQ _dBDX _dCNESP _dCNKFP _dUKM _dBTCTA _dBAKER _dZS3 _dYDXCP _dOCP _dZ87 _dOCLCF _dOCLCO _dRB0 _dOCLCO _dDLC |
||
| 042 | _alccopycat | ||
| 082 | _aFIC WEE | ||
| 100 | 1 |
_aWeeks, Brent, _eauthor. |
|
| 245 | 1 | 4 |
_aThe way of shadows / _cBrent Weeks. |
| 250 | _aFirst edition. | ||
| 264 | 1 |
_aNew York, NY : _bOrbit, _cOctober 2008. |
|
| 300 |
_a677 pages : _bmap ; _c18 cm. |
||
| 336 |
_atext _2rdacontent |
||
| 336 |
_acartographic image _2rdacontent |
||
| 337 |
_aunmediated _2rdamedia |
||
| 338 |
_avolume _2rdacarrier |
||
| 440 |
_aNight angel trilogy ; _n1 |
||
| 490 | 0 | _aFantasy Orbit | |
| 520 | _aDetermined to escape the Warrens, Azoth seeks out Durzo Blint, the city's most ruthless assassin, to persuade him to take him on as an apprentice and to teach him the deadly Way of Shadows. | ||
| 650 | 0 |
_aAssassins _vFiction. |
|
| 650 | 0 | _aFantasy fiction. | |
| 655 | 7 | _aFantasy fiction. | |
| 906 |
_a7 _bcbc _ccopycat _d2 _encip _f20 _gy-genrareb |
||
| 942 |
_2ddc _cFIC |
||